00895nam a22002657a 45000010005000000030006000050050017000110080041000280200015000690400029000840500017001130820008001301000026001382450072001642600042002363000042002784900039003205050008003595200145003675210020005125210020005326500021005526500024005737000032005977592FISKH20250725094542.0250725b cb ||||| |||| 00| 0 eng d a038529493X aFISKHbengcFISKHdFISKH a PZ7.G3626 F a813 aGiff, Patricia Reilly aFish face /cBy Patricia Reilly Giff : Illustrated by Blanche Sims  aNew York : bDelacorte Press, c1984. a75 pages : billustrations ;c21 cm.  aKids of the Polk Street School v2 aJ  aMaking friends with the new girl in her class is hard for Emily after she replaces Emily as the fastest runner and steals her lucky unicorn.8 a500 bLexile 8 aJ bRaz-Plus  aSchoolsvFiction aFriendshipvFiction aSims, BlancheeIllustrator